Juan Pablo II y el trabajo: la encíclica Laborem Exercens, textos y comentarios
Gespeichert in:
| Körperschaften: | , |
|---|---|
| Format: | Buch |
| Sprache: | Spanisch |
| Veröffentlicht: |
Santiago
Salesiana
1984
|
| Schlagworte: | |
| Tags: |
Tag hinzufügen
Keine Tags, Fügen Sie den ersten Tag hinzu!
|
MARC
| LEADER | 00000nam a2200000 a 4500 | ||
|---|---|---|---|
| 001 | UCX3694 | ||
| 003 | CL-VaPUC | ||
| 008 | 911126e19840000CL |||||||||||||||||spa|d | ||
| 082 | 0 | 4 | |a 262.91 |b ILA |2 21 |
| 110 | 2 | |a ILADES |e author |9 319877 | |
| 710 | 2 | |a Instituto Latinoamericano de Doctrina y Estudios Sociales |e author |9 319878 | |
| 245 | 1 | 0 | |a Juan Pablo II y el trabajo: la encíclica Laborem Exercens, textos y comentarios |
| 300 | |a 135 p | ||
| 942 | |c BK | ||
| 945 | |d 19911126 00:00:00 | ||
| 260 | |a Santiago |b Salesiana |c 1984 | ||
| 600 | 0 | |a Juan Pablo II |9 309920 | |
| 650 | 0 | |a Encíclicas |9 255643 | |
| 650 | 7 | |a TRABAJO Y TRABAJADORES DOCUMENTOS PONTIFICIOS |2 CL-VaPUC |9 310699 | |
| 583 | |a last modification |c 19911126 00:00:00 |k Rodrigo Vera | ||
| 999 | |c 224378 |d 224376 | ||
| 952 | |0 0 |1 0 |4 0 |6 262_910000000000000_ILA_1984 |7 0 |8 A |9 220961 |a BIBTEO |b BIBTEO |d 2019-11-15 |i 2897229 |o 262.91 ILA 1984 |p 2897229 |r 2025-01-17 |w 2019-11-15 |y BK |k ICR | ||
| 952 | |0 0 |1 0 |4 0 |6 262_910000000000000_ILA_1984 |7 0 |8 A |9 220962 |a BIBENE |b BIBENE |d 2019-11-15 |i 3371409 |o 262.91 ILA 1984 |p 3371409 |r 2024-01-16 |w 2019-11-15 |y BK |k ICO | ||